[Event "Eastern Asia-ch U14"]
[Site "Tornelo INT"]
[Date "2021.10.31"]
[Round "7"]
[White "Shahil, Dey"]
[Black "Ritwik, Datta Gupta"]
[Result "1-0"]
[WhiteElo "1816"]
[BlackElo "1169"]
[PlyCount "83"]
[EventDate "2021.10.29"]
[EventType "swiss"]
[EventRounds "9"]
[EventCountry "NET"]
[SourceTitle "EXT 2023"]
[Source "ChessBase"]
[SourceDate "2022.10.05"]
[SourceVersion "1"]
[SourceVersionDate "2022.10.05"]
[SourceQuality "1"]

1. e4 e5 2. Bc4 Nc6 3. Nf3 Nf6 4. d3 Bc5 5. c3 d6 6. Nbd2 a6 7. a4 0-0 8. 0-0 Bd7 9. h3 h6 10. Re1 Ba7 11. Nf1 Re8 12. Ng3 Ne7 13. Nh4 c6 14. Qf3 b5 15. Bb3 Qc8 16. Bxh6 Be6 17. Bxe6 Qxe6 18. Be3 Bxe3 19. Qxe3 d5 20. Nhf5 Ng6 21. Qg5 Nh7 22. Qg4 Nf6 23. Qf3 Nf4 24. Ne2 dxe4 25. dxe4 Ng6 26. h4 Ne7 27. Neg3 g6 28. Nxe7+ Rxe7 29. axb5 cxb5 30. Rad1 Rd7 31. Rxd7 Nxd7 32. h5 Kg7 33. Rd1 Ra7 34. Qe3 Rb7 35. hxg6 fxg6 36. Qg5 Rb6 37. Nf5+ Kf7 38. Nh6+ Kg7 39. Rd5 Rd6 40. Rxd6 Qe8 41. Nf5+ Kf7 42. Qxg6+ 1-0